000 00662nam a22002417a 4500
003 UA-OsUOA
001 293
007 ta
008 20050525b un ||||| |||| 00| 0 ukr d
100 _aТургенев И.С.
090 _a821.161.1
_bТ87
942 _cBK
040 _aUA-OsUOA
_brus
_cUA-OsUOA
_dUA-OsUOA
245 _aРудин
300 _a276 с.
955 _a3
041 _arus
080 _a821.161.1
260 _aМ.
_bПравда
_c1975
246 3 1 _aНакануне.Романы. Коми книжное издательство
_n
650 7 _a82 Література. Літературознавство
_2UDC
999 _c286458
_d286458